000 00459nam a2200169Ia 4500
999 _c36913
_d36913
003 OSt
005 20210123130831.0
008 190216s9999||||xx |||||||||||||| ||und||
040 _coclc
082 _a570
_bMAN/B
100 _aManglik, R K
_98407
245 0 _aBiology Olympiad /
_cR K Manglik
260 _bArihant Prakashan,
_c2008.
_aMeerut:
300 _a401p
650 _aReferences
942 _cREF
_2ddc
_h570
_iMAN/B
_k570
_mMAN/B